Dolné Saliby

Zobrazenie: Pohľad na trávnatú plochu pozdĺž ulice vpravo. Vľavo vidno rad hustých listnatých stromov. Vpravo v popredí je v tráve poklop. Vpravo v pozadí je pozdĺž ulice rad domov, za nimi vľavo v pozadí vidno kostol a autobusovú zastávku. Na ulici je jeden traktor a dve ženy

Podrobná bibliografia
Ďalší autori: Kanka, Ján (Fotograf)
Médium: Pohľadnica
Jazyk:slovenčina
Fyzický popis:1 pohľadnica čiernobiela 11 x 15 cm
Vydavateľské údaje: [Bratislava] VPL [1965?]
Predmet:

MARC

LEADER 00000nkm a2200000 a 4500
001 vtls011915347
003 SK-MaSNL
005 20260512130015.0
007 kp bo
008 231120q1965 xo g kuslo
015 |a SNBG1965 
035 |a urn:nbn:sk:snk-km00e9yj 
035 |a urn:nbn:sk:snk-km43h7o 
035 |a 279D8060-013C-4268-B37B-A060A8454470 
040 |a SNK  |b slo  |c SNK  |e AACR2 
041 0 |a slo 
043 |a e-xo--- 
044 |a xo  |c SK 
072 7 |a 913  |x Regionálna geografia  |2 konspekt 
080 |a 913(437.6)  |2 2011 
080 |a 711.73  |2 2011 
080 |a (084.121)  |2 2011 
080 |a 726:27-523.42  |2 2011 
080 |a 728.3  |2 2011 
100 1 |a Kanka, Ján  |4 pht  |9 181462 
245 1 0 |a Dolné Saliby  |h grafika  |c foto Kanka 
260 |a [Bratislava]  |b VPL  |c [1965?] 
300 |a 1 pohľadnica  |b čiernobiela  |c 11 x 15 cm 
520 8 |a Zobrazenie: Pohľad na trávnatú plochu pozdĺž ulice vpravo. Vľavo vidno rad hustých listnatých stromov. Vpravo v popredí je v tráve poklop. Vpravo v pozadí je pozdĺž ulice rad domov, za nimi vľavo v pozadí vidno kostol a autobusovú zastávku. Na ulici je jeden traktor a dve ženy 
650 0 7 |a ulice  |2 SNKPH  |9 2938 
650 0 7 |a kostoly  |2 SNKPH  |9 3023 
650 0 7 |a rodinné domy  |2 SNKPH  |9 2984 
651 7 |a Dolné Saliby (Slovensko)  |2 SNKPHgeo  |9 26954 
655 7 |a miestne pohľadnice  |2 SNKPH  |9 70510 
852 |a Slovenská národná knižnica 
954 |a pohľadnice pôvodné (slovenské)  |2 lita 
958 |a GBN 
958 |a GC 
958 |a OND 
958 |a EUIPO 
999 |c 1121649  |d 1123579 
952 |a SNK  |b SNK  |y PREZ  |7 0  |p 17A1381567  |o snkSP 59869  |z Pohľadnica prešla poštou.  |0 0  |1 0  |4 0  |d 2020-02-04  |f 1  |l 0  |r 2026-02-24 18:33:57  |w 2026-02-24